| 000 | 01947cam a2200289 4500500 | ||
|---|---|---|---|
| 005 | 20260222004851.0 | ||
| 041 | _afre | ||
| 042 | _adc | ||
| 100 | 1 | 0 |
_aTassa, Marie _eauthor |
| 245 | 0 | 0 | _aLa question sociale chez Casapound Italia : discours et modalités d’action |
| 260 | _c2026. | ||
| 500 | _a94 | ||
| 520 | _aRésuméDe son rôle central dans la fondation du mouvement aux actions menées dans ce cadre, l’article entend s’interroger sur les nombreux emprunts à un discours traditionnellement de gauche dans la stratégie du mouvement. Mêlant enjeux sociaux et considérations identitaires, le traitement de cette question par le mouvement romain semble illustrer son caractère hybride. L’exemple de CasaPound Italia permet, à terme, de s’interroger sur la conquête du politique par le social et s’insère dans une dynamique à l’échelle européenne. | ||
| 520 | _aAbstractFrom its central role in the founding of the movement to the actions carried out within this framework, the article looks at the many borrowings from a traditionally left-wing discourse in the movement’s strategy. The Roman movement’s treatment of this issue, which combines social matters and identity considerations, seems to illustrate its hybrid nature. The example of CasaPound Italia ultimately raises the question of the conquest of politics through social issues and is as such part of a Europe-wide dynamic. | ||
| 690 | _adroite radicale | ||
| 690 | _aidentité | ||
| 690 | _aItalie | ||
| 690 | _apriorité nationale | ||
| 690 | _aquestion sociale | ||
| 690 | _afar right | ||
| 690 | _aidentity | ||
| 690 | _aItaly | ||
| 690 | _anational priority | ||
| 690 | _asocial issues | ||
| 786 | 0 | _nParlement[s], Revue d'histoire politique | 43 | 1 | 2026-02-10 | p. 135-157 | 1768-6520 | |
| 856 | 4 | 1 | _uhttps://shs.cairn.info/revue-parlements-revue-dhistoire-politique-2026-1-page-135?lang=fr&redirect-ssocas=7080 |
| 999 |
_c1668950 _d1668950 |
||